Growth of Container Trade in India / (Record no. 2257)

000 -LEADER
fixed length control field 00827nam a2200253 a 4500
008 - FIXED-LENGTH DATA ELEMENTS--GENERAL INFORMATION
fixed length control field 200228s2014 ii a|||| m|||a00| 0 eng d
040 ## - CATALOGING SOURCE
Original cataloging agency IMU Kochi Library
Language of cataloging eng
041 0# - LANGUAGE CODE
Language code of text/sound track or separate title eng
044 ## - COUNTRY OF PUBLISHING/PRODUCING ENTITY CODE
MARC country code ii
082 04 - DEWEY DECIMAL CLASSIFICATION NUMBER
Edition number 23
Classification number 378.242
Item number PRM1216
100 1# - MAIN ENTRY--PERSONAL NAME
Researcher Raphy, Robin V
Relator term Researcher
245 10 - TITLE STATEMENT
Title Growth of Container Trade in India /
260 ## - PUBLICATION, DISTRIBUTION, ETC. (IMPRINT)
Place of publication, distribution, etc Kochi :
Name of publisher, distributor, etc Indian Maritime University,
Date of publication, distribution, etc 2014
300 ## - PHYSICAL DESCRIPTION
Extent 57 p. :
Other physical details ill. ;
Dimensions 29 cm.
490 0# - SERIES STATEMENT
Series statement MBA Project 2012-14 ;
Volume number/sequential designation 12500081016
502 ## - DISSERTATION NOTE
Dissertation note Project (MBA)–Indian Maritime University. School of Maritime Management, 2014.
650 #0 - SUBJECT ADDED ENTRY--TOPICAL TERM
Topical term or geographic name as entry element Container terminals
650 #0 - SUBJECT ADDED ENTRY--TOPICAL TERM
Topical term or geographic name as entry element Foreign trade regulation
655 #7 - INDEX TERM--GENRE/FORM
Source of term lcsh
Genre/form data or focus term Dissertations, Academic
Chronological subdivision 2014
700 1# - ADDED ENTRY--PERSONAL NAME
Guide(s) H. L., Yogamala
Titles and other words associated with a name Dr.
Relator term Guide
852 ## - LOCATION/CALL NUMBER
Location IMU Kochi Library
904 ## - LOCAL DATA ELEMENT D, LDD (RLIN)
CATALOGER Reshma Rajesh
942 ## - ADDED ENTRY ELEMENTS (KOHA)
Item type Thesis
Holdings
Withdrawn status Lost status Source of classification or shelving scheme Damaged status Not for loan Collection code Permanent location Current location Shelving location Date acquired Full call number Barcode Date last seen Koha item type
          Project Report MBA IMU Kochi Library IMU Kochi Library Reference 2014-06-17 378.242 PRM1216 TH0148 2020-02-28 Thesis


Copyright © All Rights Reserved by Indian Maritime University, Kochi Campus.
For any Suggestions/Query Contact to library or Email: library.kochi@imu.ac.in Ph:(0484)-2989402
(Web OPAC Designed by Rudra Ranjan. Maintained by IMU Kochi Library)

Powered by Koha